000 00668nam a2200229Ia 4500
003 OSt
005 20221005025002.0
006 a|||||r|||| 00| 0
007 ta
008 221004b |||||||| |||| 00| 0 ara d
020 _c900
024 _a115460
037 _b391, 23/03/2012, Nadwi Publications
_cTextual
040 _aCRL
_cCRL
_bara
041 _2ara
_aara
082 _aV677.P, 28Q1.1-.9
245 0 _aMisr al-hadeesiah
260 _aCairo
_bNational Library and Archieves India
_c2011
650 _aEGYPT - HISTORY
942 _hV677.P, 28Q1.1-.9
_cTEXL
_2cc
999 _c933910
_d933910